000 00657nam a2200265Ia 4500
005 20260306163946.0
008 008 260114s9999 xx 000 0 eng d
020 _a9781474495691
037 _aEBOOK
040 _aCRL
040 _beng
040 _cCRL
041 _2eng
041 _aeng
084 _qCRL
100 _aLópez Lerma
_91129705
245 0 _aSensing Justice Through Contemporary Spanish Cinema: Aesthetics, Politics, Law
260 _bEdinburgh University Press
260 _c2021
650 _aLaw
856 _uhttps://academic.oup.com/book/38287
942 _cEBOOK
999 _c1712187
_d1712187